Antonio Marti Royo (Record no. 7577)

MARC details
000 - LÍDER
campo de control de longitud fija 00766nam a2200193Ia 4500
008 - ELEMENTOS DE DATOS DE LONGITUD FIJA - INFORMACIÓN GENERAL
campo de control de longitud fija 0000001975 ck a 0000000000spa00
090 ## - NÚMERO DE LLAMADA DE TIPO LC LOCALMENTE ASIGNADO (OCLC)
Número de clasificación (OCLC) (R) PSP00 M17a
100 1# - ENTRADA PRINCIPAL - NOMBRE PERSONAL
Nombre de la persona Marti Royo, Antonio
245 10 - TÍTULO DECLARACIÓN
Título Antonio Marti Royo
Resto del título : pinturas, exposición
260 ## - PUBLICACIÓN, DISTRIBUCIÓN
Lugar de publicación Bogotá : Galería Buchholz
Fecha de publicación 1975
300 ## - DESCRIPCIÓN FÍSICA
Alcance [10] p.
Dimensiones / 17 cm.
500 ## - NOTA GENERAL
Nota general Artista español nacionalizado en Colombia \ Exposición realizada en la Galería Buchholz, Bogotá, Noviembre 17 Diciembre 11, 1975 \ Con el patronazgo de la empresa colombiana PLARESA
600 00 - ENTRADA DE SUJETO AÑADIDO - NOMBRE PERSONAL
Nombre de la persona MARTI ROYO, ANTONIO./
Subdivisión general TRABAJOS PICTORICOS
650 14 - ENTRADA DE SUJETO AÑADIDO - TÉRMINO TÓPICO
Término tópico o elemento de entrada del nombre geográfico ARTE CONTEMPORANEO ESPAÑOL
650 14 - ENTRADA DE SUJETO AÑADIDO - TÉRMINO TÓPICO
Subdivisión general CATALOGOS
650 14 - ENTRADA DE SUJETO AÑADIDO - TÉRMINO TÓPICO
Subdivisión general EXPOSICIONES
650 14 - ENTRADA DE SUJETO AÑADIDO - TÉRMINO TÓPICO
Término tópico o elemento de entrada del nombre geográfico PINTORES ESPAÑOLES
650 14 - ENTRADA DE SUJETO AÑADIDO - TÉRMINO TÓPICO
Término tópico o elemento de entrada del nombre geográfico PINTURA ESPAÑOLA
Holdings
Estado de retirada Pérdida de estatus Estado dañado No para préstamo Código de recogida Ubicación permanente Ubicación actual Ubicación de las estanterías Fecha de adquisición Número de llamada completo Código de barras Fecha de la última vez que se vio Número de copia Precio efectivo desde Tipo de artículo Koha
        General ArtNexus ArtNexus General 06/09/2022 P-SP-00 M17A 7580 06/09/2022 Ej.1 06/09/2022 Libro

Powered by Koha